000
00331nam a2200145Ia 4500
005
20251222153542.0
008
251222s9999||||xx |||||||||||||| ||spa||
020
_a
8476981635
082
_a
346.46/A36
100
_a
Albaladejo, Manuel
245
0
_a
Derecho Civil I:
250
_a
11a. ed.
264
_b
JMB, S.A.
942
_c
LIB
999
_c
30517
_d
30517